Law of bail : (Record no. 96149)

MARC details
000 -LEADER
fixed length control field 00613nam a22001697a 4500
005 - DATE AND TIME OF LATEST TRANSACTION
control field 20150818125135.0
010 ## - LCCN (DPL NO)
LC control number 1516EN07
020 ## - INTERNATIONAL STANDARD BOOK NUMBER
International Standard Book Number 9788180389825
Terms of availability 1050.00
037 ## - SOURCE OF ACQUISITION
Source of stock number/acquisition UBH/ven
100 ## - MAIN ENTRY--PERSONAL NAME
Personal name Pandya, Asim
245 ## - TITLE STATEMENT
Title Law of bail :
Statement of responsibility, etc by Asim Pandya ; foreworded by D.H. Waghela
Remainder of title practice and procedure : essential court volume for practitioners /
260 ## - PUBLICATION, DISTRIBUTION, ETC. (IMPRINT)
Place of publication, distribution, etc Gurgaon
Name of publisher, distributor, etc Lexis Nexis
Date of publication, distribution, etc 2015
270 ## - ADDRESS
Address 14th floor, Building No 10, Tower-B, DLF Cyber City, Phase-ll,
City Gurgaon
Postal code 122002
300 ## - PHYSICAL DESCRIPTION
Extent xxiii,725p.
Dimensions 24cm(pbk)
500 ## - GENERAL NOTE
General note Includes index
942 ## - ADDED ENTRY ELEMENTS (KOHA)
Source of classification or shelving scheme Dewey Decimal Classification
Item type English Books
Call number suffix PAN
Classification part 345.54

No items available.


© Delhi Public Library
Hit Counter
free hit counter